<?xml version="1.0" encoding="UTF-8"?>
<record
    xmlns:xsi="http://www.w3.org/2001/XMLSchema-instance"
    xsi:schemaLocation="http://www.loc.gov/MARC21/slim http://www.loc.gov/standards/marcxml/schema/MARC21slim.xsd"
    xmlns="http://www.loc.gov/MARC21/slim">

  <leader>00742nam a22001337a 4500</leader>
  <datafield tag="040" ind1=" " ind2=" ">
    <subfield code="c">RUA</subfield>
  </datafield>
  <datafield tag="082" ind1=" " ind2=" ">
    <subfield code="a">VEM LOR 2014 B442 Or.1</subfield>
  </datafield>
  <datafield tag="100" ind1=" " ind2=" ">
    <subfield code="a">LORN RITHY ; &#x179B;&#x1793; &#x179A;&#x17B7;&#x1791;&#x17D2;&#x1792;&#x17B8;</subfield>
  </datafield>
  <datafield tag="245" ind1=" " ind2=" ">
    <subfield code="a">Study on effectiveness of abamec l.a on gastrointestinal parasites of cattle at kok romiat village, kandal province , &#x1794;&#x17D2;&#x179A;&#x179F;&#x17B7;&#x1791;&#x17D2;&#x1792;&#x1797;&#x17B6;&#x1796; Abamec l.a &#x1780;&#x17D2;&#x1793;&#x17BB;&#x1784;&#x1780;&#x17B6;&#x179A;&#x1791;&#x1798;&#x17D2;&#x179B;&#x17B6;&#x1780;&#x17CB;&#x1794;&#x179A;&#x17B6;&#x179F;&#x17B7;&#x178F;&#x1780;&#x17D2;&#x1793;&#x17BB;&#x1784;&#x1780;&#x17D2;&#x179A;&#x1796;&#x17C7;&#x1796;&#x17C4;&#x17C7;&#x179C;&#x17C0;&#x1793;&#x1782;&#x17C4; &#x1780;&#x17D2;&#x1793;&#x17BB;&#x1784;&#x1797;&#x17BC;&#x1798;&#x17B7;&#x1782;&#x17C4;&#x1780;&#x179A;&#x1798;&#x17C0;&#x178F; &#x1781;&#x17C1;&#x178F;&#x17D2;&#x178F;&#x1780;&#x178E;&#x17D2;&#x178A;&#x17B6;&#x179B;</subfield>
  </datafield>
  <datafield tag="260" ind1=" " ind2=" ">
    <subfield code="a">Phnom Penh</subfield>
    <subfield code="b">RUA</subfield>
    <subfield code="c">2014</subfield>
  </datafield>
  <datafield tag="300" ind1=" " ind2=" ">
    <subfield code="a">xi ;38p.</subfield>
    <subfield code="b">ill.</subfield>
    <subfield code="c">29cm.</subfield>
  </datafield>
  <datafield tag="856" ind1=" " ind2=" ">
    <subfield code="u">https://drive.google.com/file/d/10_1lG2KY-q9u_-5_iOv_lzMY91gLz_7K/view?usp=sharing</subfield>
  </datafield>
  <datafield tag="942" ind1=" " ind2=" ">
    <subfield code="c">VEM</subfield>
  </datafield>
  <datafield tag="999" ind1=" " ind2=" ">
    <subfield code="c">7221</subfield>
    <subfield code="d">7221</subfield>
  </datafield>
  <datafield tag="952" ind1=" " ind2=" ">
    <subfield code="0">0</subfield>
    <subfield code="1">0</subfield>
    <subfield code="2">ddc</subfield>
    <subfield code="4">0</subfield>
    <subfield code="6">VEM_LOR_2014_000000000000000_B442_OR_1</subfield>
    <subfield code="7">0</subfield>
    <subfield code="9">42353</subfield>
    <subfield code="a">LBB</subfield>
    <subfield code="b">LBB</subfield>
    <subfield code="c">B442</subfield>
    <subfield code="d">2016-03-01</subfield>
    <subfield code="l">1</subfield>
    <subfield code="o">VEM LOR 2014 B442 Or.1</subfield>
    <subfield code="p">RUA053490</subfield>
    <subfield code="r">2018-07-09</subfield>
    <subfield code="s">2018-06-08</subfield>
    <subfield code="w">2016-03-01</subfield>
    <subfield code="y">VEM</subfield>
  </datafield>
  <datafield tag="952" ind1=" " ind2=" ">
    <subfield code="0">0</subfield>
    <subfield code="1">0</subfield>
    <subfield code="2">ddc</subfield>
    <subfield code="4">0</subfield>
    <subfield code="6">VEM_LOR_2014_000000000000000_B442_OR_2</subfield>
    <subfield code="7">0</subfield>
    <subfield code="9">42354</subfield>
    <subfield code="a">LBB</subfield>
    <subfield code="b">LBB</subfield>
    <subfield code="c">B442</subfield>
    <subfield code="d">2016-03-01</subfield>
    <subfield code="o">VEM LOR 2014 B442 Or.2</subfield>
    <subfield code="p">RUA053343</subfield>
    <subfield code="r">2016-03-01</subfield>
    <subfield code="w">2016-03-01</subfield>
    <subfield code="y">VEM</subfield>
  </datafield>
  <datafield tag="952" ind1=" " ind2=" ">
    <subfield code="0">0</subfield>
    <subfield code="1">0</subfield>
    <subfield code="2">ddc</subfield>
    <subfield code="4">0</subfield>
    <subfield code="6">VEM_LOR_2014_000000000000000_B442_OR_3</subfield>
    <subfield code="7">0</subfield>
    <subfield code="9">42355</subfield>
    <subfield code="a">LBB</subfield>
    <subfield code="b">LBB</subfield>
    <subfield code="c">B442</subfield>
    <subfield code="d">2016-03-01</subfield>
    <subfield code="o">VEM LOR 2014 B442 Or.3</subfield>
    <subfield code="p">RUA053498</subfield>
    <subfield code="r">2016-03-01</subfield>
    <subfield code="w">2016-03-01</subfield>
    <subfield code="y">VEM</subfield>
  </datafield>
  <datafield tag="952" ind1=" " ind2=" ">
    <subfield code="0">0</subfield>
    <subfield code="1">0</subfield>
    <subfield code="2">ddc</subfield>
    <subfield code="4">0</subfield>
    <subfield code="6">VEM_LOR_2014_000000000000000_B442_OR_4</subfield>
    <subfield code="7">0</subfield>
    <subfield code="9">42356</subfield>
    <subfield code="a">LBB</subfield>
    <subfield code="b">LBB</subfield>
    <subfield code="c">B442</subfield>
    <subfield code="d">2016-03-01</subfield>
    <subfield code="o">VEM LOR 2014 B442 Or.4</subfield>
    <subfield code="p">RUA053546</subfield>
    <subfield code="r">2016-03-01</subfield>
    <subfield code="w">2016-03-01</subfield>
    <subfield code="y">VEM</subfield>
  </datafield>
  <datafield tag="952" ind1=" " ind2=" ">
    <subfield code="0">0</subfield>
    <subfield code="1">0</subfield>
    <subfield code="2">ddc</subfield>
    <subfield code="4">0</subfield>
    <subfield code="6">VEM_LOR_2014_000000000000000_B442_OR_5</subfield>
    <subfield code="7">0</subfield>
    <subfield code="9">42357</subfield>
    <subfield code="a">LBB</subfield>
    <subfield code="b">LBB</subfield>
    <subfield code="c">B442</subfield>
    <subfield code="d">2016-03-01</subfield>
    <subfield code="o">VEM LOR 2014 B442 Or.5</subfield>
    <subfield code="p">RUA053224</subfield>
    <subfield code="r">2016-03-01</subfield>
    <subfield code="w">2016-03-01</subfield>
    <subfield code="y">VEM</subfield>
  </datafield>
  <datafield tag="952" ind1=" " ind2=" ">
    <subfield code="0">0</subfield>
    <subfield code="1">0</subfield>
    <subfield code="2">ddc</subfield>
    <subfield code="4">0</subfield>
    <subfield code="6">VEM_LOR_2014_000000000000000_B442_OR_6</subfield>
    <subfield code="7">0</subfield>
    <subfield code="9">42358</subfield>
    <subfield code="a">LBB</subfield>
    <subfield code="b">LBB</subfield>
    <subfield code="c">B442</subfield>
    <subfield code="d">2016-03-01</subfield>
    <subfield code="o">VEM LOR 2014 B442 Or.6</subfield>
    <subfield code="p">RUA053492</subfield>
    <subfield code="r">2016-03-01</subfield>
    <subfield code="w">2016-03-01</subfield>
    <subfield code="y">VEM</subfield>
  </datafield>
  <datafield tag="952" ind1=" " ind2=" ">
    <subfield code="0">0</subfield>
    <subfield code="1">0</subfield>
    <subfield code="2">ddc</subfield>
    <subfield code="4">0</subfield>
    <subfield code="6">VEM_LOR_2014_000000000000000_B442_OR_7</subfield>
    <subfield code="7">0</subfield>
    <subfield code="9">42359</subfield>
    <subfield code="a">LBB</subfield>
    <subfield code="b">LBB</subfield>
    <subfield code="c">B442</subfield>
    <subfield code="d">2016-03-01</subfield>
    <subfield code="o">VEM LOR 2014 B442 Or.7</subfield>
    <subfield code="p">RUA053479</subfield>
    <subfield code="r">2016-03-01</subfield>
    <subfield code="w">2016-03-01</subfield>
    <subfield code="y">VEM</subfield>
  </datafield>
  <datafield tag="952" ind1=" " ind2=" ">
    <subfield code="0">0</subfield>
    <subfield code="1">0</subfield>
    <subfield code="2">ddc</subfield>
    <subfield code="4">0</subfield>
    <subfield code="6">VEM_LOR_2014_000000000000000_B442_OR_8</subfield>
    <subfield code="7">0</subfield>
    <subfield code="9">42360</subfield>
    <subfield code="a">LBB</subfield>
    <subfield code="b">LBB</subfield>
    <subfield code="c">B442</subfield>
    <subfield code="d">2016-03-01</subfield>
    <subfield code="o">VEM LOR 2014 B442 Or.8</subfield>
    <subfield code="p">RUA053339</subfield>
    <subfield code="r">2016-03-01</subfield>
    <subfield code="w">2016-03-01</subfield>
    <subfield code="y">VEM</subfield>
  </datafield>
</record>
